[Event "Tata Steel-C 73rd"]
[Site "Wijk aan Zee"]
[Date "2011.01.30"]
[Round "13"]
[White "Vocaturo, Daniele"]
[Black "Nyzhnyk, Illya"]
[Result "1/2-1/2"]
[WhiteElo "2570"]
[BlackElo "2530"]
[Annotator "Moradiabadi,E"]
[PlyCount "77"]
[EventDate "2011.01.14"]
[EventType "tourn"]
[EventRounds "13"]
[EventCountry "NED"]
[EventCategory "11"]
[SourceTitle "CBM 141"]
[Source "ChessBase"]
[SourceDate "2011.03.17"]
[SourceVersion "1"]
[SourceVersionDate "2011.03.17"]
[SourceQuality "1"]

{The most exciting battle of the day was not in the "A" nor "B" groups, it was
here. This game was made even more interesting because of its dramatic finale.
Both young players were seeking a place in next year's "B" group. Being young
and ambitous, it is easy to imagine how tense it was.} 1. e4 c5 2. Nf3 d6 3. d4
cxd4 4. Nxd4 Nf6 5. Nc3 a6 6. Be3 e5 7. Nf3 Qc7 {The youngest GM in the world
is reluctant to see his opponent's bishop on c4} 8. a4 Be7 9. a5 {This pawn
advance is what has put a question mark in front of this early queen sortie.}
Nbd7 10. Be2 O-O 11. O-O {#} b5 $6 {Black is saying, "I am a magnificent
tactician, so why should I care about trivial positional stuff?" However, this
is a dubious continuation. One can deduce this by comparing it to normal
Najdorf positions where it is commonly seen.} 12. axb6 Nxb6 13. Nd2 Bb7 14.
Bxb6 Qxb6 15. Nc4 {Solid enough. White is slightly better, though Nyzhnyk is
lucky that White is not the 12h world champion, Anatoly Karpov!} Qc5 16. Ra5
Qc7 17. Qd3 Rad8 (17... Rfd8 18. Bf3 Rac8 19. b3 Nd7 20. Nd5 Bxd5 21. Qxd5 Nb6
22. Nxb6 Qxb6 23. Be2 Rc5 24. Rxc5 dxc5 25. Qxe5 Bf6 26. Qf4 a5 27. Bc4 Qb8 28.
Qe3 Qe5 29. Bd5 Qc3 30. Qxc3 Bxc3 {1/2-1/2 Landa,K (2610)-Aronian,L (2522)/
Cappelle la Grande 2001/CBM 080 ext (84)}) 18. Bf3 $1 {A strong prophylactic
move, which put an end to all Black's hope for counterplay.} Rc8 19. b3 Rfd8
20. h3 g6 21. Rd1 h5 $2 {Black wants to play for win at all cost, however, it
is White who is in control of the game!} 22. Qe2 Bf8 23. Rd3 Re8 24. Ra4 Nd7
25. Nd5 Qd8 $6 26. Rb4 $6 {White traps his own rook. It is the moment at which
the young Italian GM and tournament leader lost control over the game.} Bc6 $1
{#} 27. Bxh5 {This sacrifice is still ok...but what follows is one of those
most dramatic scenes I have ever seen. (Considering the importance of the
result).} a5 28. Rg3 $4 {Hallucination!} (28. Ra4 $1 Bxa4 {and just now} 29.
Rg3 Bc6 30. Bxg6 fxg6 31. Rxg6+ Bg7 32. Qg4 {and you can check with your
engines that White is safe.}) 28... Bxd5 29. exd5 axb4 30. Bxg6 fxg6 31. Rxg6+
Kf7 {#} 32. Nxd6+ Bxd6 $4 {Returns the favor. Caissa chose Vocaturo this time!}
(32... Kxg6 {was winning for Black.}) 33. Qh5 $1 {It is a perpetual now!} Nf6
34. Rxf6+ Kxf6 35. Qh6+ Kf5 36. Qh7+ Kf6 37. Qh6+ Kf5 38. Qh7+ Kf6 39. Qh6+ {
Bravo Daniele!} 1/2-1/2

[Event "Koge op-A"]
[Site "Koge"]
[Date "1997.??.??"]
[Round "8"]
[White "Mortensen, Erling"]
[Black "Hillarp Persson, Tiger"]
[Result "1-0"]
[WhiteElo "2450"]
[BlackElo "2475"]
[Annotator "Mortensen,E"]
[PlyCount "129"]
[EventDate "1997.??.??"]
[EventType "swiss"]
[EventRounds "9"]
[EventCountry "DEN"]
[SourceTitle "EXT 2000"]
[Source "ChessBase"]
[SourceDate "1999.11.16"]
[SourceVersion "1"]
[SourceVersionDate "1999.11.16"]
[SourceQuality "1"]

1. e4 c5 2. Nf3 d6 3. d4 cxd4 4. Nxd4 Nf6 5. Nc3 a6 6. f3 e5 7. Nb3 Be6 8. Be3
Be7 9. Qd2 O-O 10. O-O-O a5 11. Bb5 Nc6 12. g4 (12. Qe2 $5) (12. Qf2 Qb8 13. g4
a4 14. Bxa4 d5 15. exd5 Nxd5 16. Nxd5 Bxd5 17. Rxd5 Rxa4 18. a3 $16 {1-0
Gofshtein,L-Palliser,R/op, Isle of Man (9) 1996 (24)}) 12... Ne8 (12... Qb8 13.
Kb1 Rc8 14. g5 Ne8 15. Na4 Nc7 16. Bxc6 bxc6 17. Nb6 a4 18. Nxc8 Bxc8 19. Nc1
$16 {1-0 Czebe,A-Rodriguez Lopez,R/FS IM Dec, Budapest HUN (10) 1996 (42)}) 13.
Kb1 Qb8 14. Nd5 $6 (14. Na4 Nc7 15. Qe2 d5 16. Nb6 d4 17. Nxa8 Qxa8 18. Bd2 a4
19. Nc1 $16) 14... Bxd5 15. exd5 Nc7 16. dxc6 (16. Be2 a4 17. Nc1 Nd4 $5 (17...
Na5) 18. Bxd4 exd4 19. Qxd4 a3 $44) 16... Nxb5 17. Nxa5 Qc7 18. Nb3 bxc6 (18...
Qxc6 $15) 19. c4 Na7 20. f4 $11 exf4 21. Bxf4 Nc8 22. Rhe1 Qa7 23. Nc1 (23. a3
$5 Qb7 24. Re3) 23... Rd8 24. Re3 Nb6 25. Qe2 Bf8 26. Ra3 Qb7 27. Rxa8 Qxa8 28.
b3 d5 29. Bc7 Re8 30. Qf2 Nxc4 (30... Nd7 31. Rf1 $1 f6 32. cxd5 cxd5 33. Nd3
$14) 31. bxc4 Qb7+ 32. Qb6 Rb8 33. Kc2 Qxb6 34. Bxb6 Rxb6 35. cxd5 $11 Bd6 36.
Nb3 g6 37. h3 cxd5 38. Rxd5 Ba3 39. Ra5 Rc6+ 40. Kd3 Bb4 41. Ra4 Be1 42. Re4
Bf2 43. a4 Kg7 44. a5 Rf6 45. Ra4 Ba7 $6 (45... Rf3+ 46. Ke2 Rxh3 $1 47. Kxf2
Rxb3 48. a6 Rb8 $11) 46. Nd4 Bxd4 47. Rxd4 Rf3+ 48. Kc4 Rxh3 49. a6 h5 50. Kb5
hxg4 51. a7 Rh8 52. Rxg4 f5 53. Rb4 Kf6 54. Ka6 Ra8 55. Rb8 Rxa7+ 56. Kxa7 Ke5
57. Kb6 f4 $4 (57... Kd4 $11) 58. Kc5 Ke4 59. Kc4 Ke3 60. Kc3 g5 61. Re8+ Kf2
62. Kd2 g4 63. Re4 $1 g3 (63... Kf3 64. Ra4 g3 65. Ke1 g2 66. Ra3+ $18) 64.
Rxf4+ Kg1 65. Ke2 1-0

[Event "Ostrava"]
[Site "Ostrava"]
[Date "2007.05.02"]
[Round "4"]
[White "Movsesian, Sergei"]
[Black "Hracek, Zbynek"]
[Result "1/2-1/2"]
[WhiteElo "2642"]
[BlackElo "2613"]
[Annotator "Movsesian,S"]
[PlyCount "100"]
[EventDate "2007.04.28"]
[EventType "tourn"]
[EventRounds "6"]
[EventCountry "CZE"]
[EventCategory "16"]
[SourceTitle "CBM 118"]
[Source "ChessBase"]
[SourceDate "2007.05.31"]
[SourceVersion "1"]
[SourceVersionDate "2007.05.31"]
[SourceQuality "1"]

1. e4 c5 2. Nf3 d6 3. d4 cxd4 4. Nxd4 Nf6 5. Nc3 a6 6. Be3 e5 7. Nb3 Be6 8. f3
Be7 9. Qd2 O-O 10. O-O-O Nbd7 11. g4 b5 12. g5 b4 13. Ne2 Ne8 14. f4 a5 15. f5
a4 16. Nbd4 exd4 17. Nxd4 b3 18. Kb1 bxc2+ 19. Nxc2 Bb3 20. axb3 axb3 21. Na3
Ne5 22. h4 {I am not a very big fan of long forced lines, but I have played so
many games with Zbynek, that I had decided to come up with something "new"...}
Ra4 $5 {This move has become quite popular lately.} ({Black´s} 22... Ra5 {
was succesfully challenged by} 23. Qb4 $1 {in latest games}) 23. Qg2 Qa8 24. f6
Bd8 25. Bd4 Nc7 26. fxg7 (26. Rh3 $6 Ne6 27. fxg7 Kxg7 28. Be3 Be7 29. Rd5 Rc8
{Al Modiahki-Ftacnik, Turin (ol) 2006. doesn´t look as a good an idea for
White...}) 26... Kxg7 27. h5 ({Another attempt to improve White's play here is
} 27. Bc4 {but I was worried about} Rxc4 $5 (27... Ne6 28. Bd5 Qc8 29. Rc1 Qa6
30. Bxe5+ dxe5 31. Qg3 $14 {Rohit-Karavade, India (ch) 2006}) 28. Nxc4 Qa2+ 29.
Kc1 Ne6 $44) 27... Ne6 28. Bxe5+ {I followed Konstantin Landa´s remarks to the
Shirov -Van Wely game in Wijk.} (28. g6 $2 Rxd4 29. Rxd4 Nxd4 30. h6+ Kf6 31.
g7 Rg8 32. Qf2+ Ndf3 33. Bg2 Qxe4+ $19 {Shirov-Van Wely, Wijk aan Zee 2007})
28... dxe5 29. g6 Bg5 30. gxf7 (30. h6+ {looks very tempting, but after} Kxg6
31. Qh3 Kf6 32. Rd7 Rxe4 {it is not clear, how to continue the attack.}) 30...
h6 $5 ({Landa´s suggestion was} 30... Rxf7 31. Bb5 Qxe4+ 32. Qxe4 Rxe4 33. Bc4
Rf6 34. Bxb3 $14 {with a pleasant endgame for White.}) 31. Bb5 Rxe4 32. Bc4 Nd4
(32... Nf4 $6 33. Qf3 {and Black has no useful moves.}) 33. Rhf1 Re1 $1 {
A nice move, which helps Black to solve his problems with the coordination of
his pieces.} 34. Bd5 Rxf1 35. Rxf1 Qa6 $1 {Otherwise 36.Qe4 would cause Black
serious problems.} 36. Bc4 Qa8 37. Qxa8 {An attempt to squeeze something out
of an endgame.} Rxa8 38. Bd5 Rf8 39. Nc4 e4 40. Rd1 ({First I wanted to
continue} 40. Na5 $6 e3 41. Nxb3 e2 42. Rg1 {luckily I saw} Rxf7 $1 {in time}
43. Bxf7 Nf3 {and Black is winning.}) 40... Nf5 41. Bxe4 Rxf7 42. Rf1 Ng3 43.
Rxf7+ Kxf7 44. Bf3 Be7 {White will capture the b3 pawn, but will lose h5 with
an immediate draw.} 45. Nd2 Kf6 46. Nxb3 Kg5 47. Nd4 Nxh5 48. Bxh5 Kxh5 49. Nf5
Bf6 50. Nxh6 Bxb2 1/2-1/2

[Event "RUS-chT"]
[Site "Dagomys"]
[Date "2008.04.06"]
[Round "5"]
[White "Movsesian, Sergei"]
[Black "Nepomniachtchi, Ian"]
[Result "1-0"]
[WhiteElo "2695"]
[BlackElo "2634"]
[Annotator "Movsesian,S"]
[PlyCount "93"]
[EventDate "2008.04.02"]
[EventType "team"]
[EventRounds "11"]
[EventCountry "RUS"]
[SourceTitle "CBM 124"]
[Source "ChessBase"]
[SourceDate "2008.05.28"]
[SourceVersion "1"]
[SourceVersionDate "2008.05.28"]
[SourceQuality "1"]
[WhiteTeam "St Petersburg Finek"]
[BlackTeam "Moscow ShSM-64"]
[WhiteTeamCountry "RUS"]
[BlackTeamCountry "RUS"]

1. e4 c5 2. Nf3 d6 3. d4 cxd4 4. Nxd4 Nf6 5. Nc3 a6 6. Be3 e5 7. Nf3 Be7 8. Bc4
O-O 9. O-O Nc6 10. Re1 Be6 $5 (10... b5 {is more frequently played here} 11.
Bf1 Rb8 12. Bg5 Ng4 13. Bc1 Nf6 (13... Qb6 14. Qd2 Nf6 15. Nd5 Nxd5 16. exd5
Na5 17. a4 Nc4 18. Qb4 $14 {Timofeev-Efimenko, Moscow 2008}) 14. a4 b4 15. Nd5
Nxd5 16. exd5 Na5 17. Bd2 f5 18. c3 b3 19. c4 Bf6 20. Bc3 Qb6 $13 {Vachier
Lagrave-Bologan, France 2008}) 11. Nd5 b5 ({Interesting is also} 11... Bxd5 $5
12. exd5 b5 13. Bf1 Nb4 14. c4 bxc4 15. Bxc4 Qa5 16. Bd2 Qc5 17. Bxb4 Qxb4 18.
b3 Bd8 19. Qd2 Qc5 $13 {with a comfortable play for Black in Filippov,An-Bu,
Visakhpatham 2008.}) 12. Bf1 Rb8 13. c4 Nxe4 14. Qc2 (14. Bb6 $2 Rxb6 15. Nxb6
Nxf2 $19) 14... Nc5 15. Rad1 Bxd5 $2 (15... bxc4 $1 16. Bxc5 dxc5 17. Nf6+ Bxf6
18. Rxd8 Rfxd8 19. Bxc4 Nb4 20. Qe4 Bxc4 21. Qxc4 Nd3 $44 {and it looks as if
White has to be careful ...}) 16. cxd5 Nb4 17. Qd2 $6 ({Much stronger was} 17.
Qb1 $1 a5 18. Bxc5 dxc5 19. a3 Na6 20. Nxe5 $16) 17... Nxa2 ({Still better was
} 17... e4 18. Bxc5 dxc5 19. Rxe4 Nxa2 20. d6 $44) 18. b3 $5 ({I didn't like} 
18. b4 {as after} Nxb4 19. Qxb4 a5 20. Qb1 Na4 {Black has some counterplay})
18... Ne4 19. Qxa2 Nc3 20. Qxa6 Nxd1 21. Rxd1 $16 Qd7 22. Rc1 b4 23. Rc6 Qf5
24. Qc4 {Re-grouping pieces and bringing them to ideal positions. Black has no
real counterplay.} Qb1 25. Nd2 Qg6 26. Qc2 f5 27. Nc4 Rf6 28. f4 {Not allowing
Black even to think about an attack.} exf4 29. Bxf4 Bf8 30. Nb6 Rb7 31. Nc8 h6
32. Nxd6 Re7 (32... Bxd6 33. Bxd6 Rxd6 34. Rxd6 Qxd6 35. Qc8+ Kh7 36. Qxb7 Qc5+
37. Kh1 Qf2 38. Qb5 $18) 33. Nb5 Re4 34. Bg3 Qg5 35. Rxf6 Qxf6 36. d6 Re8 37.
Qc4+ Kh8 38. Qxb4 Rd8 39. Qd2 Qa1 40. Qd5 Qc1 41. Qxf5 Qe3+ 42. Bf2 Qxb3 43. h3
Qd1 44. Bg3 Ra8 45. Kh2 Qb3 46. Bd3 Qg8 47. Be5 1-0

[Event "Biel Credis"]
[Site "Biel"]
[Date "1996.??.??"]
[Round "4"]
[White "Campora, Daniel Hugo"]
[Black "Sutovsky, Emil"]
[Result "1-0"]
[WhiteElo "2545"]
[BlackElo "2565"]
[Annotator "Mowsziszian,K"]
[PlyCount "59"]
[EventDate "1996.07.22"]
[EventType "tourn"]
[EventRounds "11"]
[EventCountry "SUI"]
[EventCategory "10"]
[SourceTitle "CBM 055"]
[Source "ChessBase"]
[SourceDate "1996.12.01"]
[SourceVersion "1"]
[SourceVersionDate "1996.12.01"]
[SourceQuality "1"]

1. e4 {King} c5 2. Nf3 d6 3. d4 cxd4 4. Nxd4 Nf6 5. Nc3 a6 6. Bd3 $5 {Eine
Neuerung gegen die Najdorf Variante.} e5 (6... g6 $5 {Der Läufer auf d3 paßt
nicht in die Drachenvariante.}) 7. Nde2 Nbd7 (7... d5 $2 8. exd5 Nxd5 9. Bc4 $1
Nxc3 10. Bxf7+ $18) 8. O-O b5 9. b4 $1 {Führt die Idee von Ld3 fort.} Bb7 10.
a4 bxa4 11. Bg5 Be7 12. Rxa4 O-O 13. Qa1 $14 {><a6  King: Naturally, it is
pleasant to increase the pressure against the a-pawn, but thet queen also
influences the centre: Black often gains counterplay by breaking with ...d5,
so it is useful to have the queen looking towards the e5 pawn.} d5 (13... Rb8
14. Rd1 h6 15. Bxf6 Nxf6 16. Ng3 $14) 14. exd5 Nxd5 15. Bxe7 Qxe7 16. Nxd5 Bxd5
17. Ra5 Bb7 18. Ng3 g6 19. Rd1 Rfd8 20. Bxa6 Qxb4 (20... Bxa6 21. Rxa6 Rxa6 22.
Qxa6 Qxb4 23. Rxd7 $1 Rxd7 24. Qc8+ $18) 21. Rb1 $1 Qxa5 22. Qxa5 $16 Bxa6 23.
h4 h5 24. Rd1 Kg7 25. Rd6 Bc4 26. Qd2 Be6 27. Kh2 Kh7 28. Ne4 Bf5 29. Ng5+ Kg7
30. Qd5 1-0

[Event "ARM-ch"]
[Site "Yerevan"]
[Date "1995.??.??"]
[Round "5"]
[White "Minasian, Ara"]
[Black "Petrosian, Arshak B"]
[Result "0-1"]
[WhiteElo "2425"]
[BlackElo "2435"]
[Annotator "Mowsziszian,K"]
[PlyCount "50"]
[EventDate "1995.08.??"]
[EventType "tourn"]
[EventRounds "11"]
[EventCountry "ARM"]
[EventCategory "10"]
[SourceTitle "CBM 050"]
[Source "ChessBase"]
[SourceDate "1996.02.01"]
[SourceVersion "1"]
[SourceVersionDate "1996.02.01"]
[SourceQuality "1"]

1. e4 c5 2. Nf3 d6 3. d4 cxd4 4. Nxd4 Nf6 5. Nc3 a6 6. f3 e5 7. Nb3 Be7 8. Be3
O-O 9. Qd2 Be6 10. O-O-O (10. g4 d5 $1 11. g5 d4 12. gxf6 Bxf6 13. Bf2 (13.
Bxd4 exd4 14. Ne2 Nc6 15. O-O-O Qb6 16. f4 Rfd8 17. Ng3 Rac8 18. Nh5 Nb4 19.
Nxf6+ gxf6 20. Qg2+ Kf8 21. Bd3 Nxa2+ 22. Kd2 Bxb3 {0-1 Khmelnitsky,S-Sulipa,A/
Yalta op (04) ;EXP 47 1995 (31)}) 13... Bg5 14. Qd3 dxc3 15. Qxc3 Nd7 16. Rd1
Rc8 17. Qd3 Qf6 18. h4 Bf4 $17 {0-1 Apicella,M-Rodriguez Lopez,R/Zaragoza op-A
(06) ;EXT 95op 1995 (48)}) 10... a5 (10... Nc6 {Ist zu langsam. Weiß erhält
Angriff am Königsflügel.} 11. g4 $1 Rc8 12. Kb1 b5 13. h4 Na5 14. h5 Nc4 15.
Bxc4 bxc4 16. Nc1 Rb8 17. g5 Nd7 18. g6 $1 Qa5 (18... fxg6 19. hxg6 hxg6 (19...
h6 20. Bxh6 $1 gxh6 21. Qxh6 $18) 20. Qh2 $40 {/\Qh7+,Rg1}) 19. Nd5 c3 20. Nxc3
Qb4 21. b3 a5 22. Nd5 Bxd5 23. Qxd5 Nf6 24. Qd2 Qxd2 25. gxh7+ Kxh7 26. Rxd2
$16 {1-0 Andre,W-Huebner,W/BL2-W 9192 (1992) ;BL2 1992 (58)}) 11. Bb5 Nbd7 $146
(11... Nc6 12. Qf2 Qb8 13. g4 Rc8 {/\a4}) (11... Na6 12. Kb1 Nc7 13. Bb6 Qc8
$132) 12. Qf2 Ne8 13. h4 $6 (13. Na4 $142 Bg5 (13... Nc7 $2 14. Bxd7 Bxd7 15.
Nb6 a4 16. Nc5 $1 $18) 14. Kb1 $14 {><d6}) 13... Nc7 14. a4 Nxb5 15. Nxb5 Qc8
16. Kb1 Qc4 17. Nc3 (17. Nxd6 Qxa4 $40) 17... b5 $1 18. Qf1 (18. axb5 a4 19.
Nd2 Qb4 {/\a3->}) 18... Qxf1 19. Rhxf1 bxa4 20. Nxa4 Rfb8 21. Nc1 Ra6 22. h5
Rc6 23. Ne2 $2 (23. b3 {[]} Bc4 24. Rf2 Bb5 25. Nb2 a4 $15 {|^}) 23... Bc4 24.
Rf2 Bxe2 25. Rxe2 Rc4 0-1

[Event "UKR-ch KO 74th"]
[Site "Rivne"]
[Date "2005.08.31"]
[Round "4.2"]
[White "Areshchenko, Alexander"]
[Black "Borovikov, Vladislav"]
[Result "1-0"]
[WhiteElo "2625"]
[BlackElo "2595"]
[Annotator "Mueller,Karsten"]
[PlyCount "131"]
[EventDate "2005.08.24"]
[EventType "k.o."]
[EventRounds "5"]
[EventCountry "UKR"]
[SourceTitle "CBM 109"]
[Source "ChessBase"]
[SourceDate "2005.11.14"]
[SourceVersion "1"]
[SourceVersionDate "2005.11.14"]
[SourceQuality "1"]

1. e4 c5 2. Nf3 d6 3. d4 cxd4 4. Nxd4 Nf6 5. Nc3 a6 6. Be3 e5 7. Nb3 Be6 8. f3
Nbd7 9. g4 Nb6 10. g5 Nh5 11. Qd2 Be7 12. O-O-O O-O 13. Rg1 Rc8 14. h4 g6 15.
Kb1 Qc7 16. Qf2 Nc4 17. Bxc4 Qxc4 18. f4 exf4 19. Bxf4 Nxf4 20. Qxf4 f6 21. Qh2
fxg5 22. hxg5 Rf7 23. Nd4 Rc5 24. Nxe6 Qxe6 25. Qd2 Re5 26. Rg3 Qc4 27. a3 Rf1
28. Rxf1 Qxf1+ 29. Ka2 Qc4+ 30. b3 Qe6 31. Nd5 Rxe4 32. Rc3 Bd8 33. Nf6+ Bxf6
34. gxf6 Qxf6 35. Qd5+ Kg7 36. Rc8 Re7 37. Rg8+ Kh6 38. Qd2+ Kh5 39. Rd8 Re1
40. Qxe1 Qxd8 41. Qh1+ Kg5 42. Qxb7 h5 43. Qxa6 h4 44. Qb7 Kh6 45. Qe4 d5 46.
Qd4 Kh5 47. a4 h3 48. Qd1+ Kh6 $4 {[%mdl 8192]} (48... Kh4 $11) 49. Qg4 $1 Qc7
50. Qxh3+ Kg7 51. Qd3 g5 52. c3 Qh2+ 53. Ka3 Qg1 54. a5 g4 55. Qxd5 g3 56. Qb7+
Kg6 57. Qb6+ Qxb6 58. axb6 g2 59. b7 g1=Q 60. b8=Q Qc5+ 61. Ka4 $1 {[%mdl 4096]
} (61. Qb4 $2 Qa7+ 62. Qa4 Qc5+ 63. Kb2 Qf2+ $11) 61... Qxc3 62. Qd6+ Kh7 (
62... Kg5 63. Qd5+ (63. b4 $2 {[%cal Gg5h1] lets the king enter the drawing
zone. lässt den König in die Remiszone entkommen:} Kg4 $11) 63... Kg6 64. b4
Qc2+ 65. Kb5 $18) 63. b4 Qc2+ 64. Ka5 Qc3 65. Ka6 Qc8+ 66. Kb6 1-0

[Event "EU-ch 6th"]
[Site "Warsaw"]
[Date "2005.06.21"]
[Round "4"]
[White "Nevednichy, Vladislav"]
[Black "Thorfinnsson, Bragi"]
[Result "1-0"]
[WhiteElo "2566"]
[BlackElo "2442"]
[Annotator "Mueller,Karsten"]
[PlyCount "109"]
[EventDate "2005.06.18"]
[EventType "swiss"]
[EventRounds "13"]
[EventCountry "POL"]
[SourceTitle "CBM 108"]
[Source "ChessBase"]
[SourceDate "2005.09.26"]
[SourceVersion "1"]
[SourceVersionDate "2005.09.26"]
[SourceQuality "1"]

1. e4 c5 2. Nf3 d6 3. d4 cxd4 4. Nxd4 Nf6 5. Nc3 a6 6. Be3 e5 7. Nf3 h6 8. Bc4
Qc7 9. Bb3 b5 10. a4 b4 11. Nd5 Nxd5 12. Bxd5 Bb7 13. c3 bxc3 14. Rc1 Bxd5 15.
Qxd5 Qc6 16. Qxc6+ Nxc6 17. Rxc3 {Es folgt eine instruktive Modellpartie für
diesen Stellungstyp:} Kd7 18. Ke2 Be7 19. Nd2 Rab8 20. Nc4 Ke6 $2 (20... Nd4+
21. Bxd4 (21. Kd3 f5 22. f3 Ke6) 21... exd4 22. Rc2 Ke6 {leistete mehr
Widerstand.}) 21. Rd1 Rhc8 22. Nb6 Nd4+ 23. Bxd4 Rxc3 24. Bxc3 Rxb6 25. Rd5 f5
26. f3 Bg5 27. Kd3 fxe4+ 28. fxe4 Bc1 29. b4 g5 30. h3 h5 31. Kc4 Rc6+ 32. Kb3
g4 33. hxg4 hxg4 34. b5 axb5 35. axb5 Rc8 36. Bb4 Rd8 37. Ba5 Rc8 38. b6 Be3
39. Bb4 Rd8 40. b7 Ba7 41. Ka4 Bb8 42. Kb5 Kd7 43. Rd1 Rh8 44. Rc1 g3 45. Rc8
$1 {gute Technik} Rxc8 46. bxc8=Q+ Kxc8 47. Kc6 Ba7 48. Bxd6 Bd4 49. Be7 Bc3
50. Bh4 Be1 51. Kd6 Bf2 52. Bf6 Be1 53. Ke6 Kc7 54. Bxe5+ Kd8 55. Kf7 1-0

[Event "Gausdal GM-A"]
[Site "Gausdal"]
[Date "2005.04.15"]
[Round "3"]
[White "Pedersen, Christian Kyndel"]
[Black "Bogner, Sebastian"]
[Result "1-0"]
[WhiteElo "2396"]
[BlackElo "2409"]
[Annotator "Mueller,Karsten"]
[PlyCount "157"]
[EventDate "2005.04.13"]
[EventType "tourn"]
[EventRounds "9"]
[EventCountry "NOR"]
[EventCategory "10"]
[SourceTitle "CBM 107"]
[Source "ChessBase"]
[SourceDate "2005.08.01"]
[SourceVersion "1"]
[SourceVersionDate "2005.08.01"]
[SourceQuality "1"]

1. e4 c5 2. Nf3 d6 3. d4 cxd4 4. Nxd4 Nf6 5. Nc3 a6 6. Be3 e5 7. Nb3 Be6 8. f3
Nbd7 9. g4 Nb6 10. g5 Nh5 11. Qd2 Be7 12. O-O-O O-O 13. Rg1 Qc7 14. Kb1 Rac8
15. Qf2 Bd8 16. h4 g6 17. Rg2 Nd7 18. Qd2 Be7 19. Nd5 Bxd5 20. Qxd5 b5 21. Qd2
Nb6 22. Qa5 Na4 23. Rgd2 Qb7 24. c4 Ng3 25. cxb5 Nxf1 26. Rxf1 axb5 27. Rd5 Nc5
28. Qb4 Nxb3 29. Qxb3 Rb8 30. Bd2 Rfc8 31. Bb4 Qc6 32. a3 Qc4 33. Qxc4 bxc4 34.
Kc2 Rb6 35. Rfd1 Rcc6 36. Kc3 h6 37. gxh6 Kh7 38. a4 Kxh6 39. a5 Ra6 40. f4 Bf6
41. Bxd6 exf4+ 42. Kc2 (42. e5 $4 {läuft in den Konter} Rxd6 43. exf6 Rxd5 44.
Rxd5 f3 $17) 42... f3 43. Bf4+ Kg7 44. Rf1 Re6 $6 (44... Bxh4 45. Rxf3 Kf8 {
gefällt mir besser.}) 45. e5 Bxh4 46. Rxf3 f6 ({Auch nach} 46... f5 {hat
Schwarz kein leichtes Leben, z.B.} 47. Kc3 Rec6 48. Bd2 Kf7 (48... Be7 $2 49.
Rd7 Kf8 50. Rh3 $18) 49. Rd4 g5 50. Rxc4 Ke6 51. b4 {und Weiß ist im Rennen
etwas schneller. Ob das zum Gewinn reicht, vermag ich allerdings nicht zu
sagen.}) 47. Rh3 fxe5 (47... g5 $6 48. exf6+ Kxf6 49. Bxg5+ Bxg5 50. Rf3+ Kg6
51. Rg3 Re2+ 52. Kb1 $16) 48. Bxe5+ Bf6 49. Bxf6+ Rxf6 $2 (49... Kxf6 {bot
viel bessere Rettungschancen.}) 50. Kc3 Rf5 (50... Rf4 51. Rc5 Kf6 52. Rh1 Ra8
53. Ra1 g5 54. a6 g4 55. a7 g3 56. Ra6+ Kg7 (56... Kf7 57. Rc7+ Kf8 58. Rb6 $18
) 57. Rg5+ $18) 51. Rxf5 gxf5 52. Kb4 Ra8 53. Ra3 Rb8+ 54. Kc3 f4 55. a6 f3 56.
a7 Ra8 57. Kxc4 f2 58. Rf3 Rxa7 59. Rxf2 Rc7+ 60. Kd5 Rb7 61. Kc5 Rb3 62. Kc4
Rb8 63. b4 Rc8+ 64. Kd5 Rb8 65. Kc5 Rc8+ 66. Kd6 Rb8 67. Rb2 Kf7 68. b5 Ke8 69.
Kc7 Ra8 70. Re2+ Kf7 71. b6 Ra1 72. Rc2 Re1 73. b7 Re7+ 74. Kb6 Re6+ 75. Rc6
Re8 76. Rc8 Re6+ 77. Kc5 Re5+ 78. Kd4 Rb5 79. b8=Q 1-0

[Event "EU-ch 6th"]
[Site "Warsaw"]
[Date "2005.06.30"]
[Round "12"]
[White "Naiditsch, Arkadij"]
[Black "Kuzubov, Yuriy"]
[Result "1/2-1/2"]
[WhiteElo "2626"]
[BlackElo "2558"]
[Annotator "Mueller,Karsten"]
[PlyCount "126"]
[EventDate "2005.06.18"]
[EventType "swiss"]
[EventRounds "13"]
[EventCountry "POL"]
[SourceTitle "CBM 108"]
[Source "ChessBase"]
[SourceDate "2005.09.26"]
[SourceVersion "1"]
[SourceVersionDate "2005.09.26"]
[SourceQuality "1"]

{[%mdl 32768]} 1. e4 c5 2. Nf3 d6 3. d4 cxd4 4. Nxd4 Nf6 5. Nc3 a6 6. Be3 e5 7.
Nf3 Qc7 8. a4 b6 9. Qd3 Nc6 10. Qc4 Qb7 11. Qb3 Rb8 12. Nd5 Nxd5 13. exd5 Ne7
14. O-O-O b5 15. a5 g6 16. h4 h6 17. Bb6 Bg7 18. Qb4 Qd7 19. g4 Bb7 20. Qb3 O-O
21. g5 Qf5 22. Bh3 Qf4+ 23. Kb1 Qc4 24. Qxc4 bxc4 25. Bc7 Nxd5 26. Bxd6 Nc3+
27. bxc3 Bxf3+ 28. Bxb8 Rxb8+ 29. Ka2 Bxh1 30. Rxh1 hxg5 31. hxg5 Rb5 32. Ka3
e4 33. Bf1 Rxa5+ 34. Kb4 Rxg5 35. Bxc4 a5+ 36. Ka4 Rf5 37. Rh4 Rxf2 38. Rxe4
Bxc3 39. Bb3 Kg7 40. Rc4 Rf3 41. Rc7 Rf4+ 42. Kb5 a4 43. Rxc3 axb3 44. Rxb3
Rf5+ 45. Kb6 Rf6+ 46. Kb5 Rf1 47. c4 Rc1 48. c5 f5 49. c6 Kf6 50. Kb6 f4 51.
Rb5 Ke7 52. Rb2 Ke6 53. c7 g5 54. Rb5 {[%tqu "De","Können sich die verbundenen
schwarzen Freibauern durchsetzen?","","","g5g4","",0,"f4f3","",5]} g4 $2 (54...
f3 $1 55. Rxg5 (55. Rc5 Rxc5 56. Kxc5 Kd7 57. Kb6 Kc8 $19) 55... Rxc7 56. Kxc7
f2 57. Rg6+ Kf7 $19) 55. Rg5 $1 $11 g3 56. Kb7 Rb1+ 57. Kc6 Rc1+ 58. Kb7 Kf6
59. Rg8 Ke5 60. c8=Q Rxc8 61. Kxc8 Ke4 62. Kd7 f3 63. Rg4+ $1 {Dieses
Zwischenschach rettet Weiß.} Ke3 1/2-1/2